| 000 | 00356nam a2200145Ia 4500 | ||
|---|---|---|---|
| 008 | 230312s9999||||xx |||||||||||||| ||und|| | ||
| 020 | _a0-443-05868-7 | ||
| 082 |
_a618 _bSTU-P |
||
| 100 | _aStudd;John | ||
| 245 | 0 | _aProgress in Obstetrics and Gynaecology | |
| 260 |
_bHarcourt _aUS _c1998 |
||
| 300 | _a408 | ||
| 650 |
_aMedical _vGynaecology |
||
| 942 | _cBK | ||
| 999 |
_c2843 _d2843 |
||